000 00411nam a22001817a 4500
003 MPLRDC
005 20220104143201.0
008 210129b ||||| |||| 00| 0 eng d
082 _a859.4 DYTH v.3
100 _a不详
245 _a勇敢的小象
_c
250 _a初版
260 _a
_b东阳出版社
_c1992
300 _b
490 _a东阳童话集
650 _a
942 _cBK
_o859.4 DYTH v.3
999 _c37430
_d37420